Pleasure and pain: sexual and erotic motifs in the Prinzhorn Collection

Saved in:
Bibliographic Details
Main Author: Röske, Thomas (Author)
Format: Chapter/Article
Language:English
Published: 2012
In: Raw erotica
Year: 2012, Pages: 175-193
Subjects:
Online Access: Get full text
Author Notes:Thomas Röske

MARC

LEADER 00000caa a2200000 c 4500
001 1553545451
003 DE-627
005 20251028181707.0
007 tu
008 170216s2012 xx ||||| 00| ||eng c
035 |a (DE-627)1553545451 
035 |a (DE-576)483545457 
035 |a (DE-599)BSZ483545457 
035 |a (OCoLC)1340960217 
040 |a DE-627  |b ger  |c DE-627  |e rda 
041 |a eng 
084 |a 46  |2 sdnb 
100 1 |a Röske, Thomas  |d 1962-  |e VerfasserIn  |0 (DE-588)113431546  |0 (DE-627)62309777X  |0 (DE-576)171428587  |4 aut 
245 1 0 |a Pleasure and pain  |b sexual and erotic motifs in the Prinzhorn Collection  |c Thomas Röske 
264 1 |c 2012 
300 |a 19 
336 |a Text  |b txt  |2 rdacontent 
337 |a ohne Hilfsmittel zu benutzen  |b n  |2 rdamedia 
338 |a Band  |b nc  |2 rdacarrier 
689 0 0 |d b  |0 (DE-588)10184173-5  |0 (DE-627)547896158  |0 (DE-576)267880634  |a Klinik für Allgemeine Psychiatrie  |b Sammlung Prinzhorn  |2 gnd 
689 0 |5 (DE-627) 
773 0 8 |i Enthalten in  |t Raw erotica  |d Watford : Raw Vision Ltd, 2012  |g (2016), Seite 175-193  |h 212 Seiten  |w (DE-627)1623482437  |w (DE-576)483483338  |z 9780954339357  |z 9780954339364  |7 nnam  |a Pleasure and pain sexual and erotic motifs in the Prinzhorn Collection 
773 1 8 |g year:2016  |g pages:175-193  |g extent:19  |a Pleasure and pain sexual and erotic motifs in the Prinzhorn Collection 
951 |a AR 
990 |a Klinik für Allgemeine Psychiatrie / Sammlung Prinzhorn 
992 |a 20170216 
993 |a BookComponentPart 
994 |a 2012 
998 |g 113431546  |a Röske, Thomas  |m 113431546:Röske, Thomas  |d 910000  |d 910600  |e 910000PR113431546  |e 910600PR113431546  |k 0/910000/  |k 1/910000/910600/  |p 1  |x j  |y j 
999 |a KXP-PPN1553545451  |e 2954226714 
BIB |a Y 
JSO |a {"name":{"displayForm":["Thomas Röske"]},"type":{"bibl":"chapter"},"person":[{"given":"Thomas","role":"aut","display":"Röske, Thomas","family":"Röske"}],"language":["eng"],"title":[{"subtitle":"sexual and erotic motifs in the Prinzhorn Collection","title":"Pleasure and pain","title_sort":"Pleasure and pain"}],"id":{"eki":["1553545451"]},"origin":[{"dateIssuedDisp":"2012","dateIssuedKey":"2012"}],"physDesc":[{"extent":"19 S."}],"relHost":[{"title":[{"title_sort":"Raw erotica","title":"Raw erotica","subtitle":"sex, lust and desire in outsider art"}],"language":["eng"],"disp":"Pleasure and pain sexual and erotic motifs in the Prinzhorn CollectionRaw erotica","person":[{"display":"Maizels, John","role":"edt","given":"John","family":"Maizels"},{"family":"Rhodes","given":"Colin","display":"Rhodes, Colin","role":"edt"}],"type":{"bibl":"edited-book"},"name":{"displayForm":["edited by John Maizels and Colin Rhodes with contributions from Frank Maresca and design by Elizabeth Cline"]},"recId":"1623482437","origin":[{"publisherPlace":"Watford","dateIssuedKey":"2012","dateIssuedDisp":"2012","publisher":"Raw Vision Ltd"}],"physDesc":[{"extent":"212 Seiten"}],"id":{"isbn":["9780954339357","9780954339364"],"eki":["1623482437"]},"part":{"pages":"175-193","year":"2016","extent":"19","text":"(2016), Seite 175-193"}}],"recId":"1553545451"} 
SRT |a ROESKETHOMPLEASUREAN2012